000 00401nam a2200169Ia 4500
008 230711s9999||||xx |||||||||||||| ||und||
041 _aENG
082 _a720
_bMC-G
100 _aMc Farlan
245 4 _aThe guiness book of world records 1992
250 _a19th
260 _c1991
_aNew Delhi
_bUniversity Science Press
300 _a311
650 _aArchitecture
700 _aD Ed
942 _cBK
999 _c1669
_d1669